Iberville's Gulf journals (Record no. 183191)
[ view plain ]
| 000 -LEADER | |
|---|---|
| fixed length control field | 01833nam a2200409Ia 4500 |
| 100 1# - MAIN ENTRY--AUTHOR NAME | |
| Personal name | Le Moyne d'Iberville, Pierre, |
| 245 10 - TITLE STATEMENT | |
| Title | Iberville's Gulf journals |
| 260 ## - PUBLICATION, DISTRIBUTION, ETC. (IMPRINT) | |
| Place of publication | University, AL : |
| Name of publisher | University of Alabama Press, |
| Year of publication | c1981. |
| 300 ## - PHYSICAL DESCRIPTION | |
| Number of Pages | 195 p. : |
| Other physical details | ill. |
| 500 ## - GENERAL NOTE | |
| General note | Translation of Le Moyne d'Iberville's journals of 3 voyages to the Mississippi from Dec. 31, 1698 to Apr. 27, 1702. |
| 650 #0 - SUBJECT ADDED ENTRY--TOPICAL TERM | |
| Topical Term | French |
| Topical Term | French |
| 700 1# - ADDED ENTRY--PERSONAL NAME | |
| Personal name | McWilliams, Richebourg Gaillard. |
| 856 40 - ELECTRONIC LOCATION AND ACCESS | |
| Uniform Resource Identifier | http://site.ebrary.com/lib/rucke/Doc?id=10408860 |
No items available.
